000 00808nam a22002297a 4500
001 48668
003 BD-RjUL
005 20211209054550.0
008 160816s1959 ii ||||| |||| 00| 0 ben d
020 _c: IRs 3.00
035 _a(BD-RjUL)48787
040 _aBD-RjUL
_bben
_cBD-RjUL
041 _aben
082 _223
_a891.443
_bSEE 1959
100 _aসেনগুপ্ত, অচিন্ত কুমার
_9146931
245 1 0 _aএক অঙ্গে এত রূপ /
_cঅচিন্ত কুমার সেনগুপ্ত
260 _aকলিকাতা :
_bনাভানা,
_c১৯৫৯
300 _a১৪৫ পৃ. ;
_c১৭ সেমি.
650 _aবাংলা উপন্যাস
_9146932
650 _aBengali Fiction
_9146933
942 _2ddc
_cBK
999 _c48668
_d48668